Annie and snowball and the Teacup club : (Record no. 3288)

MARC details
000 -LEADER
fixed length control field 01552cam a2200421 a 4500
005 - DATE AND TIME OF LATEST TRANSACTION
control field 20250131092940.0
020 ## - INTERNATIONAL STANDARD BOOK NUMBER
International Standard Book Number 9781416914617
040 ## - CATALOGING SOURCE
Original cataloging agency DLC
Transcribing agency DLC
Modifying agency IG#
-- BTCTA
-- BAKER
-- KLC
-- DLC
Language of cataloging eng
050 00 - LIBRARY OF CONGRESS CALL NUMBER
Classification number PZ7.R982
Item number 2008
082 00 - DEWEY DECIMAL CLASSIFICATION NUMBER
Classification number 257
100 1# - MAIN ENTRY--PERSONAL NAME
Personal name Rylant, Cynthia
245 10 - TITLE STATEMENT
Title Annie and snowball and the Teacup club :
Remainder of title The third book of their adventures /
Statement of responsibility, etc. Cynthia Rylant ; illustrated by Suçie Stevenson
250 ## - EDITION STATEMENT
Edition statement First Alandin Paperbacks edition April 2009
260 ## - PUBLICATION, DISTRIBUTION, ETC.
Place of publication, distribution, etc. New York :
Name of publisher, distributor, etc. Simon & Schuster,
Date of publication, distribution, etc. 2008
300 ## - PHYSICAL DESCRIPTION
Extent 40 pages :
Other physical details color illustrations ;
Dimensions 24 cm.
490 ## - SERIES STATEMENT
Series statement Annie and Snowball
Volume/sequential designation book 3
490 ## - SERIES STATEMENT
Series statement Ready-to-read
Volume/sequential designation Level 2
505 ## - FORMATTED CONTENTS NOTE
Formatted contents note L <br/>
520 ## - SUMMARY, ETC.
Summary, etc. Annie forms a club for girls who love teacups and other dainty things, but she will always love her cousin Henry and his big drooly dog too.
521 ## - TARGET AUDIENCE NOTE
Target audience note 520 <br/>
Source Lexile <br/>
521 ## - TARGET AUDIENCE NOTE
Target audience note L <br/>
Source Raz-Plus <br/>
650 #0 - SUBJECT ADDED ENTRY--TOPICAL TERM
Topical term or geographic name entry element Tea
Form subdivision Juvenile fiction
650 #0 - SUBJECT ADDED ENTRY--TOPICAL TERM
Topical term or geographic name entry element Clubs
Form subdivision Juvenile fiction
650 #0 - SUBJECT ADDED ENTRY--TOPICAL TERM
Topical term or geographic name entry element Rabbits
Form subdivision Juvenile fiction
650 #0 - SUBJECT ADDED ENTRY--TOPICAL TERM
Topical term or geographic name entry element Dogs
Form subdivision Juvenile fiction
650 #0 - SUBJECT ADDED ENTRY--TOPICAL TERM
Topical term or geographic name entry element Cousins
Form subdivision Juvenile fiction
650 #0 - SUBJECT ADDED ENTRY--TOPICAL TERM
Topical term or geographic name entry element Henry (Fictitious character : Rylant)
Form subdivision Juvenile fiction
650 #0 - SUBJECT ADDED ENTRY--TOPICAL TERM
Topical term or geographic name entry element Mudge (Fictitious character : Rylant)
Form subdivision Juvenile fiction
650 #1 - SUBJECT ADDED ENTRY--TOPICAL TERM
Topical term or geographic name entry element Tea
Form subdivision Fiction
650 #1 - SUBJECT ADDED ENTRY--TOPICAL TERM
Topical term or geographic name entry element Clubs
Form subdivision Fiction
650 #1 - SUBJECT ADDED ENTRY--TOPICAL TERM
Topical term or geographic name entry element Rabbits
Form subdivision Fiction
650 #1 - SUBJECT ADDED ENTRY--TOPICAL TERM
Topical term or geographic name entry element Dogs
Form subdivision Fiction
650 #1 - SUBJECT ADDED ENTRY--TOPICAL TERM
Topical term or geographic name entry element Cousins
Form subdivision Fiction
700 1# - ADDED ENTRY--PERSONAL NAME
Personal name Stevenson, Suçie
Relator term illustrator
906 ## - LOCAL DATA ELEMENT F, LDF (RLIN)
a 7
b cbc
c orignew
d 1
e ecip
f 20
g y-gencatlg
942 ## - ADDED ENTRY ELEMENTS (KOHA)
Source of classification or shelving scheme Dewey Decimal Classification
Koha item type Books
Suppress in OPAC No
999 ## -
-- 3288
-- 3288
Holdings
Withdrawn status Lost status Source of classification or shelving scheme Damaged status Not for loan Collection Home library Current library Shelving location Date acquired Total Checkouts Full call number Barcode Date last seen Price effective from Koha item type Date last checked out Copy number
    Dewey Decimal Classification     Juvenile Fiction Footprints International School Library Network Toul Kork Campus Footprints International School Library Network Toul Kork Campus   02/23/2024   RYA 257 PZ7.R982 FIS03267 04/10/2025 02/23/2024 Books    
    Dewey Decimal Classification     Juvenile Fiction Footprints International School Library Network Toul Kork Campus Footprints International School Library Network Toul Kork Campus TK Primary Library Room(4th Floor), Bookcase 3&4, Shelves 17-32, Yellow Books 01/27/2025 1 RYA 257 PZ7.R982 FISTK01199 12/19/2025 01/27/2025 Books 10/31/2025 2